=LDR 00000nam 2200000 4500 =001 INLIS000000000027653 =005 20130612130017 =008 ***********************************ind** =035 ##$$a0010-061300000027653 =041 ##$$a ind =082 ##$$a F.Rom.D =090 ##$$a F.Rom.D, MUH l =100 ##$$a Muhammad, fery =245 ##$$a Love from friends = Nasihat dari sahabat, Fery Muhammad; penyunting, Ananda Crew =260 ##$$a 2007 $b Yogyakarta =300 ##$$a xii, 104 hlm., 21 cm =650 ##$$a Fiksi Roman Dewasa =850 ##$$a NBPNMAT =990 ##$$a 0001/BPAP-NTB/20142014